000 00831cam a22002531 4500
001 gs 48000088
003 DLC
005 20260227111354.0
008 770812s1948 caua 000 0 eng c
010 _ags 48000088
035 _a(OCoLC)3183003
040 _aU.S. Geol. Survey. Library
_cTxEU
_dDLC
042 _apremarc
050 0 0 _aTN24.C2
_bA3 no. 140
082 _a557.94
100 1 _aHuey, Arthur Sidney,
_d1909.
245 1 0 _aGeology of the Tesla quadrangle, California.
260 _aSan Francisco,
_c1948.
300 _a75 p.
_billus., plates (1 fold. in pocket) maps (part fold., 2 in pocket)
_c23 cm.
410 1 0 _aCalifornia.
_bDivision of Mines and Geology.
_tBulletin
_v140
504 _aBibliography: p. 70-72.
650 0 _aGeology
_zCalifornia
_zTesla quadrangle.
740 0 2 _aTesla quadrangle, California.
999 _c28268
_d28268